000 00607nas a2200229 i 4500
001 826
003 ES-MaACL
005 20250217133943.0
007 t|
008 950801d1906 sp mr m | 1 |spa d
022 _a1133-4460
080 _a616.31
245 0 3 _aLa Estomatología /
_cdir., L. García Orive.
260 _aMadrid :
_b[s.n.],
_c[1906-] (
_eBilbao :
_fImp. Miguel Aldama)
300 _av ;
_c24 cm.
310 _aMensual
650 4 _aEstomatología.
_912557
700 1 _aGarcía Orive, L,
_edir.
_9227528
852 4 _aES-MaACL
_jG-8871-72
866 1 _o1907-08
999 _c826
_d826